| 000 | 01080nam a2200313 i 4500 | ||
|---|---|---|---|
| 001 | 91772 | ||
| 003 | ES-MaACL | ||
| 005 | 20230906180817.0 | ||
| 007 | t| | ||
| 008 | 050214s2003 sp ||||1| spa d | ||
| 020 | _a84-8489-088-0 (Iberoamericana) | ||
| 020 | _a3-89354-790-8 (Vervuert) | ||
| 080 | _a81'25 | ||
| 080 | _a81'373.7 | ||
| 080 | _a811.111'373.7 | ||
| 080 | _a811.134.2'373.7 | ||
| 100 | 1 |
_aCorpas Pastor, Gloria. _940697 |
|
| 245 | 1 | 0 |
_aDiez años de investigación en fraseología _b: análisis sintáctico-semánticos, contrastivos y traductológicos / _cGloria Corpas Pastor. |
| 260 |
_aMadrid : _bIberoamericana ; _aFrankfur am Main : _bVervuert, _c2003. |
||
| 300 |
_a326 p. ; _c25 cm. |
||
| 490 | 1 |
_aLingística iberoamericana ; _v20 |
|
| 504 | _aIncluye referencias bibliográficas. | ||
| 650 | 1 | 4 |
_aLexicología. _914376 |
| 650 | 1 | 4 |
_aLengua española- _xModismos. _914174 |
| 650 | 1 | 4 |
_aLengua inglesa- _xModismos. _914283 |
| 830 | 0 |
_aLingística iberoamericana ; _v20 _9231993 |
|
| 852 |
_aES-MaACL _jL-28828 |
||
| 999 |
_c91772 _d91772 |
||